Sruti. (Record no. 23031)

MARC details
000 -LEADER
fixed length control field 01048nam a22003377a 4500
001 - CONTROL NUMBER
control field 11286152
005 - DATE AND TIME OF LATEST TRANSACTION
control field 19951019145450.0
008 - FIXED-LENGTH DATA ELEMENTS--GENERAL INFORMATION
fixed length control field 090204c xxu||||| |||| 00| 0 eng d
010 ## - LIBRARY OF CONGRESS CONTROL NUMBER
LC control number 84644362
022 ## - INTERNATIONAL STANDARD SERIAL NUMBER
International Standard Serial Number 0970-7816
035 ## - SYSTEM CONTROL NUMBER
System control number (OCoLC)ocm10772623
040 ## - CATALOGING SOURCE
Original cataloging agency DLC
Transcribing agency DLC
Modifying agency NST
-- DLC-Wa
-- NST
-- DLC-Wa
-- NST
-- DLC-Wa
-- ICRL
042 ## - AUTHENTICATION CODE
Authentication code lc
043 ## - GEOGRAPHIC AREA CODE
Geographic area code a-ii---
050 ## - LIBRARY OF CONGRESS CALL NUMBER
Classification number ML5
Item number .S726
245 ## - TITLE STATEMENT
Title Sruti.
260 ## - PUBLICATION, DISTRIBUTION, ETC. (IMPRINT)
Place of publication, distribution, etc Chennai
Name of publisher, distributor, etc Shruti Foundation
Date of publication, distribution, etc [1983-
300 ## - PHYSICAL DESCRIPTION
Extent v. :
Other physical details ill. ;
Dimensions 28 cm.
310 ## - CURRENT PUBLICATION FREQUENCY
Current publication frequency Monthly
350 ## - PRICE (NR) (BK AM CF MU VM SE) [OBSOLETE]
Price Rs 45.00
362 ## - DATES OF PUBLICATION AND/OR SEQUENTIAL DESIGNATION
Dates of publication and/or sequential designation [Issue 1] (Oct. 1983)-
500 ## - GENERAL NOTE
General note Title from cover.
590 ## - LOCAL NOTE (RLIN)
Local note SERBIB/SERLOC merged record
650 ## - SUBJECT ADDED ENTRY--TOPICAL TERM
Topical term or geographic name as entry element Music
Geographic subdivision India, South
General subdivision Periodicals.
650 ## - SUBJECT ADDED ENTRY--TOPICAL TERM
Topical term or geographic name as entry element Dance
Geographic subdivision India, South
General subdivision Periodicals.
270 ## - ADDRESS
Address 9, Cathedral Road,
City Chennai
Postal code 600086
906 ## - LOCAL DATA ELEMENT F, LDF (RLIN)
a 7
b cbc
c serials
d 3
e ncip
f 19
g n-oclcserc
942 ## - ADDED ENTRY ELEMENTS (KOHA)
Source of classification or shelving scheme Dewey Decimal Classification
Item type Periodicals
Serial record 1
Holdings
Withdrawn status Lost status Source of classification or shelving scheme Damaged status Not for loan Collection code Home library Current library Date acquired Total Checkouts Date last seen Price effective from Koha item type
    Dewey Decimal Classification   Not For Loan Non-fiction D.B.Act.Division D.B.Act.Division 04/02/2009   04/02/2009 04/02/2009 Periodicals

© Delhi Public Library
Hit Counter
free hit counter